<?xml version="1.0" encoding="UTF-8"?>
<record
    xmlns:xsi="http://www.w3.org/2001/XMLSchema-instance"
    xsi:schemaLocation="http://www.loc.gov/MARC21/slim http://www.loc.gov/standards/marcxml/schema/MARC21slim.xsd"
    xmlns="http://www.loc.gov/MARC21/slim">

  <leader>01931nam a22002657a 4500</leader>
  <controlfield tag="005">20220315092727.0</controlfield>
  <controlfield tag="008">220315b           ||||| |||| 00| 0 eng d</controlfield>
  <datafield tag="020" ind1=" " ind2=" ">
    <subfield code="a">9788126524761</subfield>
  </datafield>
  <datafield tag="040" ind1=" " ind2=" ">
    <subfield code="c">Aloy</subfield>
  </datafield>
  <datafield tag="041" ind1=" " ind2=" ">
    <subfield code="a">eng</subfield>
  </datafield>
  <datafield tag="082" ind1=" " ind2=" ">
    <subfield code="2">23</subfield>
    <subfield code="a">543</subfield>
    <subfield code="b">MONF</subfield>
  </datafield>
  <datafield tag="100" ind1=" " ind2=" ">
    <subfield code="a">Paul M S Monk</subfield>
    <subfield code="9">23666</subfield>
  </datafield>
  <datafield tag="245" ind1=" " ind2=" ">
    <subfield code="a">Fundamentals of Electroanlytical Chemistry</subfield>
  </datafield>
  <datafield tag="260" ind1=" " ind2=" ">
    <subfield code="a">New Delhi</subfield>
    <subfield code="b">Wiley India Pvt. Ltd.</subfield>
    <subfield code="c">2010</subfield>
  </datafield>
  <datafield tag="300" ind1=" " ind2=" ">
    <subfield code="a">xix,361p.</subfield>
    <subfield code="b">HB</subfield>
    <subfield code="c">23x15 cm.</subfield>
  </datafield>
  <datafield tag="365" ind1=" " ind2=" ">
    <subfield code="2">Chemistry</subfield>
    <subfield code="a">6321</subfield>
    <subfield code="b">2336.10</subfield>
    <subfield code="c">&#x20B9;</subfield>
    <subfield code="d">2995.00</subfield>
    <subfield code="e">22%</subfield>
    <subfield code="f">08-03-2022</subfield>
  </datafield>
  <datafield tag="520" ind1=" " ind2=" ">
    <subfield code="a">This thoroughly updated open learning text provides an introduction to electroanalytical chemistry, one of today's fastest growing and most exciting frontiers of analytical science. The author discusses electroanalysis in a non-mathematical and informal tutorial style and offers over 250 discussion and self-assessment questions. In addition he includes 50 worked examples that provide excellent material for testing the reader's understanding of the subject matter.
The topics covered include the following:
* Simple emf measurements with cells
* Equilibrium and dynamic measurements
* Polarography
* Cyclic voltammetry
* Rotated disc, ring-disc and wall-jet electrodes
* In situ spectroelectrochemistry measurements
* Impedance analysis
* Preparation of electrodes
* Data processing
The book also contains a comprehensive bibliography and details of web-based resources. It assumes no prior knowledge of this powerful branch of analytical science and will be an invaluable aid for anyone wanting to perform analytical measurements using electrochemical technqiues. Is approach makes it also ideal for students.</subfield>
  </datafield>
  <datafield tag="650" ind1=" " ind2=" ">
    <subfield code="a">Electroanalytical Chemistry</subfield>
    <subfield code="9">23660</subfield>
  </datafield>
  <datafield tag="650" ind1=" " ind2=" ">
    <subfield code="a">Experimental Methodology</subfield>
    <subfield code="9">23661</subfield>
  </datafield>
  <datafield tag="650" ind1=" " ind2=" ">
    <subfield code="a">Electron Transfer</subfield>
    <subfield code="9">23662</subfield>
  </datafield>
  <datafield tag="650" ind1=" " ind2=" ">
    <subfield code="a">Electrode Preparation</subfield>
    <subfield code="9">23663</subfield>
  </datafield>
  <datafield tag="650" ind1=" " ind2=" ">
    <subfield code="a">Data Pocessing</subfield>
    <subfield code="9">23664</subfield>
  </datafield>
  <datafield tag="700" ind1=" " ind2=" ">
    <subfield code="a">MONK (Paul M S)</subfield>
    <subfield code="9">23665</subfield>
  </datafield>
  <datafield tag="942" ind1=" " ind2=" ">
    <subfield code="2">ddc</subfield>
    <subfield code="c">BK</subfield>
  </datafield>
  <datafield tag="999" ind1=" " ind2=" ">
    <subfield code="c">221877</subfield>
    <subfield code="d">221877</subfield>
  </datafield>
  <datafield tag="952" ind1=" " ind2=" ">
    <subfield code="0">0</subfield>
    <subfield code="1">0</subfield>
    <subfield code="2">ddc</subfield>
    <subfield code="4">0</subfield>
    <subfield code="7">0</subfield>
    <subfield code="8">CHE</subfield>
    <subfield code="a">AL</subfield>
    <subfield code="b">AL</subfield>
    <subfield code="d">2022-03-10</subfield>
    <subfield code="e">Biblios Book Point, Surathkal, Mangalore-575014</subfield>
    <subfield code="g">2336.10</subfield>
    <subfield code="l">0</subfield>
    <subfield code="o">543 MONF</subfield>
    <subfield code="p">075631</subfield>
    <subfield code="r">2022-03-15 00:00:00</subfield>
    <subfield code="v">2995.00</subfield>
    <subfield code="w">2022-03-15</subfield>
    <subfield code="y">BK</subfield>
  </datafield>
</record>
